| 000 | 01269aam a2200349 i 4500 | ||
|---|---|---|---|
| 001 | 016010147 | ||
| 003 | EG-ScBUE | ||
| 005 | 20230924110027.0 | ||
| 008 | 120112r20212012enka f b 001 0 eng d | ||
| 020 | _a9781856697545 (pbk.) | ||
| 040 |
_aStDuBDS _beng _erda _cStDuBDS _dUk _dEG-ScBUE |
||
| 082 | 0 | 4 |
_a746.92 _222 _bFLE |
| 100 | 1 |
_aFletcher, Kate, _d1971- _eauthor. |
|
| 245 | 1 | 0 |
_aFashion & sustainability : _bdesign for change / _cKate Fletcher, Lynda Grose ; foreword by Paul Hawken. |
| 246 | 3 |
_aFashion and sustainability : _bdesign for change |
|
| 250 | _aReprinted edition. | ||
| 264 | 1 |
_aLondon : _bLaurence King Publishing, _c2021. |
|
| 300 |
_a192 pages : _billustrations (chiefly color) ; _c24 cm |
||
| 336 |
_atext _2rdacontent _btxt |
||
| 337 |
_aunmediated _2rdamedia _bn |
||
| 338 |
_avolume _2rdacarrier _bnc |
||
| 504 | _aIncludes bibliographical references and index. | ||
| 650 | 7 |
_aFashion design. _2BUEsh |
|
| 650 | 7 |
_aClothing trade _xEnvironmental aspects. _2BUEsh |
|
| 650 | 7 |
_aSustainable design. _2BUEsh |
|
| 653 |
_cSeptember2023 _bART _2FD |
||
| 655 | _vReading book | ||
| 700 | 1 |
_aGrose, Lynda, _eauthor. |
|
| 700 | 1 |
_aHawken, Paul, _eauthor of introduction, etc. |
|
| 942 |
_2ddc _cBB |
||
| 999 |
_c30569 _d30540 |
||